| 000 | 00728nmm a2200265 a 4500 | ||
|---|---|---|---|
| 003 | AR-X00000XY | ||
| 005 | 20251128211953.0 | ||
| 008 | 037020s2005 ||||||||||||||000 | spa|| | ||
| 020 | _a01-405-84348-9 | ||
| 040 | _cAR-X00000XY | ||
| 245 | 1 | 0 |
_aNew cutting edge _bteacher's resource book |
| 260 |
_aHarlow _bPearson Education Limited _c2005 |
||
| 300 | 0 |
_a184 p. _bil. _e1 cd-rom |
|
| 500 | 0 | _aNivel elemental | |
| 500 | 0 | _aSolicitar cd-rom no. 751215 en Mediateca | |
| 650 | 4 | _aENSENANZA DE IDIOMAS | |
| 650 | 4 | _aINGLES | |
| 650 | 4 | _aEJERCICIOS DE APRENDIZAJE | |
| 700 | 1 | _aEales, Frances | |
| 700 | 1 | _aCunningham, Sarah | |
| 700 | 1 | _aMoor, Peter | |
| 700 | 1 | _aRedston, Chris | |
| 942 | _cBK | ||
| 998 | _cNancy | ||
| 999 |
_c21849 _d21849 |
||